Téma: Cestujeme s elektronikou

Bibliographic Details
Main Author: Orviský, Peter (Author)
Format: Article
Language:Slovak
PhysicalDescription:Fotogr.
ISSN:1336-5754
Subjects:

MARC

LEADER 00000nab a2200000 ar4500
001 vtls009007403
003 SK-MaSNL
005 20260303065441.0
008 070716c2007 xo |||||||||||000 b|slo
015 |a SNBRB2007/07  |2 snkbucl 
038 |a SNKBUCL 
040 |a SNKBUCL  |b slo  |c SNKBUCL  |e AACR2 
041 0 |a slo 
044 |a xo  |c SK 
080 |a 621.38/.39:910.4:368.1  |2 2001 
080 |a 910.4  |2 2001 
080 |a 368.022.6  |2 2001 
100 1 |a Orviský, Peter  |4 aut  |9 18820 
245 1 0 |a Téma: Cestujeme s elektronikou  |c Peter Orviský 
300 |b Fotogr. 
650 0 7 |a spotrebná elektronika  |2 snkbucl  |9 270786 
650 0 7 |a cestovanie  |2 snkbucl  |9 18846 
650 0 7 |a ochrana pred poškodením  |2 snkbucl  |9 1065519 
650 0 7 |a poistenie  |2 snkbucl  |9 1690 
773 0 |t DiGi revue  |g Roč. 3, č. 7-8 (2007), s. 8-11  |x 1336-5754 
852 |a SNK  |b KIS3GCP 
999 |c 1751244  |d 1753174